| 000 | 00623cam a22001695i 4500 | ||
|---|---|---|---|
| 999 |
_c7555 _d7555 |
||
| 003 | OSt | ||
| 005 | 20200313051629.0 | ||
| 008 | 180731s2017 ii a 000 0 eng | ||
| 020 |
_a9788193440100 _q(hardback) |
||
| 100 | 1 |
_aAggarwal, Kapil, _ecurator. |
|
| 245 | 1 | 0 |
_aTimeless houses : _bIndia, Sri Lanka, Bangladesh, Pakistan / _ccurator, Architect Kapil Aggarwal ; editor, Mamta Upadhyaya ; co-editor, Dhriti Dhaundiyal. |
| 250 | _a1st edition. | ||
| 300 |
_a311 pages : _billustrations (black and white, and color) ; _c31 cm |
||
| 700 | 1 |
_aUpadhyaya, Mamta, _eeditor. |
|
| 700 | 1 |
_aDhaundiyal, Dhriti, _eeditor. |
|
| 942 | _2ddc | ||